[Event "Robecchetto op 32nd"]
[Site "Robecchetto"]
[Date "2019.12.28"]
[Round "4"]
[White "Pepino, Enrico"]
[Black "Bolognese, Leonardo"]
[Result "1/2-1/2"]
[WhiteElo "2071"]
[BlackElo "2048"]
[PlyCount "23"]
[EventDate "2019.12.26"]
[EventType "swiss"]
[EventRounds "6"]
[EventCountry "ITA"]
[SourceTitle "CBM 194 Extra"]
[Source "ChessBase"]
[SourceDate "2020.03.31"]
[SourceVersion "1"]
[SourceVersionDate "2020.03.31"]
[SourceQuality "1"]

1. Nf3 d5 2. g3 Nf6 3. Bg2 e6 4. 0-0 Be7 5. d3 0-0 6. Nbd2 c5 7. e4 Nc6 8. e5 Nd7 9. Re1 b5 10. Nf1 Qc7 11. Bf4 Bb7 12. h4 1/2-1/2

[Event "ITA-ch sf 78th"]
[Site "Alessandria"]
[Date "2018.07.24"]
[Round "4"]
[White "Simonetto, Alessio"]
[Black "Pepino, Enrico"]
[Result "0-1"]
[WhiteElo "2094"]
[BlackElo "2096"]
[PlyCount "80"]
[EventDate "2018.07.21"]
[EventType "swiss"]
[EventRounds "9"]
[EventCountry "ITA"]
[SourceTitle "CBM 186 Extra"]
[Source "ChessBase"]
[SourceDate "2018.08.24"]
[SourceVersion "1"]
[SourceVersionDate "2018.08.24"]
[SourceQuality "1"]

1. b3 d6 2. Bb2 Nd7 3. e3 Ngf6 4. c4 g6 5. Nf3 Bg7 6. Be2 0-0 7. d4 e5 8. 0-0 Qe7 9. Nc3 e4 10. Nd2 Re8 11. b4 h5 12. a4 Nf8 13. a5 N8h7 14. b5 Bh6 15. Ba3 Bf5 16. c5 Ng4 17. Bxg4 Bxg4 18. Qc2 Nf6 19. b6 Bf5 20. Nb5 Ng4 21. cxd6 Qh4 22. h3 Nxe3 23. fxe3 Bxe3+ 24. Kh2 Bf4+ 25. Rxf4 Qxf4+ 26. Kh1 e3 27. Qc3 exd2 28. Bb4 cxd6 29. Nc7 axb6 30. Nxe8 Rxe8 31. axb6 Re2 32. d5 Qe5 33. Qxe5 dxe5 34. d6 e4 35. Bc3 f6 36. Kh2 Kf7 37. Kg3 g5 38. Rg1 h4+ 39. Kh2 e3 40. Bxf6 Kxf6 0-1

[Event "ITA-ch sf 78th"]
[Site "Alessandria"]
[Date "2018.07.22"]
[Round "2"]
[White "Contin, Daniel"]
[Black "Pepino, Enrico"]
[Result "1-0"]
[WhiteElo "2269"]
[BlackElo "2096"]
[PlyCount "77"]
[EventDate "2018.07.21"]
[EventType "swiss"]
[EventRounds "9"]
[EventCountry "ITA"]
[SourceTitle "CBM 186 Extra"]
[Source "ChessBase"]
[SourceDate "2018.08.24"]
[SourceVersion "1"]
[SourceVersionDate "2018.08.24"]
[SourceQuality "1"]

1. c4 Nf6 2. Nc3 g6 3. g3 Bg7 4. Bg2 0-0 5. e4 d6 6. Nge2 c5 7. d3 Nc6 8. h3 Rb8 9. Be3 a6 10. a4 Ne8 11. d4 cxd4 12. Nxd4 Nf6 13. 0-0 Bd7 14. Rc1 Qa5 15. Nb3 Qb4 16. c5 Be6 17. Nd5 Bxd5 18. exd5 Na5 19. Bd2 Qxb3 20. Bxa5 Qxd1 21. Rfxd1 dxc5 22. Bc7 Rbc8 23. d6 exd6 24. Bxd6 Rfe8 25. Bxb7 Rcd8 26. Bc7 Rd7 27. Rxd7 Nxd7 28. Rd1 Nf8 29. Bxa6 Bxb2 30. Rd8 Rxd8 31. Bxd8 Ne6 32. Bb6 Kf8 33. a5 Be5 34. Bc4 Nc7 35. Bxc5+ Ke8 36. a6 Kd7 37. a7 Kc6 38. Be3 Kb7 39. Bxf7 1-0

[Event "Torino-ch 59th"]
[Site "Torino"]
[Date "2014.11.10"]
[Round "2"]
[White "Barletta, Mauro"]
[Black "Pepino, Enrico"]
[Result "1/2-1/2"]
[WhiteElo "2186"]
[BlackElo "2141"]
[PlyCount "82"]
[EventDate "2014.11.03"]
[EventType "game"]
[EventRounds "7"]
[EventCountry "ITA"]
[SourceTitle "EXT 2016"]
[Source "ChessBase"]
[SourceDate "2015.10.08"]
[SourceVersion "1"]
[SourceVersionDate "2015.10.08"]
[SourceQuality "1"]

1. b3 d5 2. Bb2 Nf6 3. e3 e6 4. Nf3 Be7 5. c4 0-0 6. Be2 c5 7. 0-0 Nc6 8. cxd5 Nxd5 9. Nc3 Nf6 10. Rc1 b6 11. Qc2 Bb7 12. Ng5 h6 13. Nf3 Rc8 14. Rfd1 Qc7 15. Qb1 Qb8 16. d3 Rfd8 17. Qa1 Rd7 18. Ne4 Ne8 19. Ng3 Bf6 20. Nh5 Bxb2 21. Qxb2 Rcd8 22. Rc4 f5 23. Nf4 Kf7 24. Nh4 Nf6 25. Nh5 Qe5 26. d4 cxd4 27. Nf3 Qa5 28. b4 Qd5 29. Nf4 Qd6 30. b5 Ne5 31. Rcxd4 Nxf3+ 32. Bxf3 Qe7 33. Nd3 Rxd4 34. Ne5+ Kg8 35. Rxd4 Bxf3 36. gxf3 Rxd4 37. Qxd4 Nd5 38. Nc6 Qg5+ 39. Kf1 Qh5 40. Kg2 Qg5+ 41. Kf1 Qh5 1/2-1/2

[Event "Imperia op-A 56th"]
[Site "Imperia"]
[Date "2014.08.31"]
[Round "1"]
[White "Pepino, Enrico"]
[Black "Morselli, Stefano"]
[Result "0-1"]
[WhiteElo "2193"]
[BlackElo "1871"]
[PlyCount "28"]
[EventDate "2014.08.31"]
[EventType "swiss"]
[EventRounds "9"]
[EventCountry "ITA"]
[SourceTitle "EXT 2016"]
[Source "ChessBase"]
[SourceDate "2015.10.08"]
[SourceVersion "1"]
[SourceVersionDate "2015.10.08"]
[SourceQuality "1"]

1. e4 d6 2. d4 Nf6 3. Nc3 g6 4. f4 Bg7 5. Nf3 c5 6. dxc5 Qa5 7. Bd3 Qxc5 8. Qe2 Bg4 9. Be3 Bxf3 10. Qxf3 Qb4 11. 0-0 Nc6 12. a3 Qa5 13. b4 Qh5 14. Rad1 Ng4 0-1

[Event "Aix les Bains op 1st"]
[Site "Aix les Bains"]
[Date "2014.08.10"]
[Round "3"]
[White "Barnier, Alain"]
[Black "Pepino, Enrico"]
[Result "1/2-1/2"]
[WhiteElo "2070"]
[BlackElo "2193"]
[PlyCount "94"]
[EventDate "2014.08.10"]
[EventType "swiss"]
[EventRounds "7"]
[EventCountry "FRA"]
[SourceTitle "CBM 161 Extra"]
[Source "ChessBase"]
[SourceDate "2014.08.29"]
[SourceVersion "1"]
[SourceVersionDate "2014.08.29"]
[SourceQuality "1"]

1. Nf3 Nf6 2. g3 g6 3. Bg2 Bg7 4. 0-0 0-0 5. d3 c5 6. e4 Nc6 7. Nbd2 d5 8. Re1 dxe4 9. dxe4 b6 10. e5 Nd5 11. c3 Nc7 12. Qa4 Qd7 13. Qh4 Qg4 14. Nf1 Qxh4 15. Nxh4 Bd7 16. f4 Rfd8 17. f5 e6 18. Bg5 Rdc8 19. fxg6 hxg6 20. Rad1 Be8 21. Nf3 Rab8 22. Ne3 b5 23. Ng4 Nd5 24. Nd2 Nb6 25. Nf6+ Bxf6 26. Bxf6 Nd7 27. Ne4 Nxf6 28. exf6 Na5 29. Nd6 Rd8 30. Nxe8 Rxe8 31. Rd7 Red8 32. Red1 Rxd7 33. Rxd7 Nc4 34. b3 Ne5 35. Rxa7 Ng4 36. h3 Nxf6 37. Rc7 c4 38. bxc4 bxc4 39. Rxc4 Rb1+ 40. Bf1 Nd5 41. Rc8+ Kg7 42. Kf2 Rb2+ 43. Kf3 Rxa2 44. Bc4 Rd2 45. Bxd5 Rxd5 46. c4 Rd3+ 47. Kf2 Kf6 1/2-1/2

[Event "Aix les Bains op 1st"]
[Site "Aix les Bains"]
[Date "2014.08.10"]
[Round "7"]
[White "Pahud, Cedric"]
[Black "Pepino, Enrico"]
[Result "1/2-1/2"]
[WhiteElo "2132"]
[BlackElo "2193"]
[PlyCount "60"]
[EventDate "2014.08.10"]
[EventType "swiss"]
[EventRounds "7"]
[EventCountry "FRA"]
[SourceTitle "CBM 161 Extra"]
[Source "ChessBase"]
[SourceDate "2014.08.29"]
[SourceVersion "1"]
[SourceVersionDate "2014.08.29"]
[SourceQuality "1"]

1. d4 Nf6 2. Nf3 g6 3. Nbd2 Bg7 4. e3 0-0 5. b4 a5 6. b5 d6 7. Bb2 Nbd7 8. Be2 e5 9. dxe5 Ng4 10. Nd4 Ndxe5 11. 0-0 Qe7 12. h3 Nf6 13. Re1 Re8 14. c4 Ned7 15. a4 Nc5 16. N4b3 Nfe4 17. Bxg7 Kxg7 18. Nxe4 Qxe4 19. Nxc5 dxc5 20. Rc1 Rb8 21. Bf3 Qe7 22. Qb3 b6 23. Red1 Bf5 24. Rd2 Rbd8 25. Bd5 h5 26. Re1 Qg5 27. Qc3+ Qf6 28. Qc1 Qg5 29. Qc3+ Qf6 30. Qc1 Qg5 1/2-1/2

[Event "Aix les Bains op 1st"]
[Site "Aix les Bains"]
[Date "2014.08.10"]
[Round "4"]
[White "Pepino, Enrico"]
[Black "Fontaine, Olivier"]
[Result "1-0"]
[WhiteElo "2193"]
[BlackElo "1883"]
[PlyCount "99"]
[EventDate "2014.08.10"]
[EventType "swiss"]
[EventRounds "7"]
[EventCountry "FRA"]
[SourceTitle "CBM 161 Extra"]
[Source "ChessBase"]
[SourceDate "2014.08.29"]
[SourceVersion "1"]
[SourceVersionDate "2014.08.29"]
[SourceQuality "1"]

1. e4 c5 2. Nf3 d6 3. d4 cxd4 4. Nxd4 Nf6 5. Nc3 g6 6. g3 Bg7 7. Bg2 0-0 8. 0-0 a6 9. Bg5 Nbd7 10. Nde2 Re8 11. Qd2 Rb8 12. Bh6 Bh8 13. Be3 b5 14. Bd4 Bb7 15. Rad1 Bg7 16. Rfe1 b4 17. Nd5 e5 18. Ba7 Ra8 19. Nxf6+ Nxf6 20. Be3 Qa5 21. a3 Nxe4 22. Qxb4 Qxb4 23. axb4 d5 24. Bxe4 dxe4 25. c4 f5 26. Nc3 Bf8 27. c5 Rad8 28. Bg5 Rd4 29. Bf6 Bg7 30. Bxg7 Kxg7 31. b5 axb5 32. Nxb5 Rxd1 33. Rxd1 Bc6 34. Nc3 Rb8 35. Rd6 Be8 36. Rb6 Rc8 37. b4 Ra8 38. Rb7+ Kh6 39. Re7 Bc6 40. b5 Ra3 41. bxc6 Rxc3 42. Rxe5 Ra3 43. c7 Ra8 44. Re7 g5 45. Kf1 Kg6 46. Ke2 h5 47. Ke3 Kf6 48. Rd7 Rc8 49. Kd4 Ke6 50. c6 1-0

[Event "Acqui Terme op 3rd"]
[Site "Acqui Terme"]
[Date "2014.07.08"]
[Round "3"]
[White "Del Rio de Angelis, Salvador Gabriel"]
[Black "Pepino, Enrico"]
[Result "1-0"]
[WhiteElo "2520"]
[BlackElo "2200"]
[PlyCount "57"]
[EventDate "2014.07.06"]
[EventType "swiss"]
[EventRounds "9"]
[EventCountry "ITA"]
[SourceTitle "CBM 161 Extra"]
[Source "ChessBase"]
[SourceDate "2014.08.29"]
[SourceVersion "1"]
[SourceVersionDate "2014.08.29"]
[SourceQuality "1"]

1. d4 Nf6 2. c4 g6 3. Nc3 Bg7 4. e4 d6 5. Nf3 0-0 6. h3 e5 7. d5 a5 8. Be3 Na6 9. g4 c6 10. Be2 Nc5 11. Nd2 Bd7 12. g5 Ne8 13. h4 Qb8 14. h5 Nc7 15. Bxc5 dxc5 16. Bg4 Bxg4 17. Qxg4 cxd5 18. exd5 Qc8 19. Qxc8 Raxc8 20. Nde4 Rfd8 21. 0-0-0 Ne8 22. Rh3 Bf8 23. Rdh1 Rc7 24. Kc2 Rdc8 25. Nd1 Bg7 26. hxg6 hxg6 27. Rf3 Rd8 28. Ndc3 Kf8 29. Nb5 1-0

[Event "Torino Epifania op"]
[Site "Torino"]
[Date "2014.01.03"]
[Round "1"]
[White "Pepino, Enrico"]
[Black "Doromeychuk, Anton"]
[Result "1-0"]
[WhiteElo "2185"]
[BlackElo "1824"]
[PlyCount "57"]
[EventDate "2014.01.03"]
[EventType "swiss"]
[EventRounds "6"]
[EventCountry "ITA"]
[SourceTitle "EXT 2015"]
[Source "ChessBase"]
[SourceDate "2014.11.20"]
[SourceVersion "1"]
[SourceVersionDate "2014.11.20"]
[SourceQuality "1"]

1. e4 d6 2. d4 Nf6 3. Nc3 g6 4. f4 Bg7 5. Nf3 c5 6. dxc5 Qa5 7. Bd3 Qxc5 8. Qe2 Nc6 9. Be3 Qb4 10. 0-0 Ng4 11. Nd5 Qa5 12. Bd2 Qd8 13. c3 0-0 14. h3 e6 15. Ne3 Nxe3 16. Bxe3 b6 17. Rad1 Qc7 18. h4 Ne7 19. h5 d5 20. hxg6 hxg6 21. e5 Bb7 22. Bd4 Rfd8 23. g4 Nc6 24. Qh2 Nxd4 25. cxd4 f6 26. Bxg6 Rac8 27. Qh7+ Kf8 28. Ng5 Qe7 29. Bf7 1-0

[Event "Torino-ch op 29th"]
[Site "Torino"]
[Date "2013.02.04"]
[Round "4"]
[White "Pepino, Enrico"]
[Black "Bustamante Montini, Richard"]
[Result "1/2-1/2"]
[WhiteElo "2157"]
[BlackElo "2255"]
[PlyCount "59"]
[EventDate "2013.01.14"]
[EventType "swiss"]
[EventRounds "7"]
[EventCountry "ITA"]
[SourceTitle "EXT 2014"]
[Source "ChessBase"]
[SourceDate "2013.11.20"]
[SourceVersion "1"]
[SourceVersionDate "2013.11.20"]
[SourceQuality "1"]

1. e4 d6 2. d4 Nf6 3. Nc3 g6 4. f4 Bg7 5. Nf3 c5 6. dxc5 Qa5 7. Bd3 Qxc5 8. Qe2 Bg4 9. Be3 Qa5 10. 0-0 Nc6 11. h3 Bxf3 12. Qxf3 0-0 13. a3 a6 14. Ne2 Rac8 15. c3 Qc7 16. Rad1 Na5 17. g4 b5 18. g5 Nd7 19. h4 Nc4 20. Bc1 Rcd8 21. h5 e6 22. Qh3 f5 23. Rf2 Nc5 24. Rh2 Qe7 25. hxg6 hxg6 26. Qh7+ Kf7 27. Rh6 Ke8 28. Qxg6+ Qf7 29. Qxf7+ Kxf7 30. exf5 1/2-1/2

[Event "Torino-ch"]
[Site "Torino"]
[Date "2012.12.01"]
[Round "6"]
[White "Barletta, Mauro"]
[Black "Pepino, Enrico"]
[Result "1/2-1/2"]
[WhiteElo "2233"]
[BlackElo "2157"]
[PlyCount "80"]
[EventDate "2012.11.07"]
[EventType "swiss"]
[EventRounds "7"]
[EventCountry "ITA"]
[SourceTitle "EXT 2014"]
[Source "ChessBase"]
[SourceDate "2013.11.20"]
[SourceVersion "1"]
[SourceVersionDate "2013.11.20"]
[SourceQuality "1"]

1. Nf3 g6 2. d4 Bg7 3. g3 Nf6 4. Bg2 0-0 5. 0-0 d6 6. Re1 Nc6 7. e4 e5 8. dxe5 Nxe5 9. Nxe5 dxe5 10. Qxd8 Rxd8 11. Nc3 c6 12. a4 Bf8 13. Bg5 Kg7 14. Rad1 Bg4 15. Rxd8 Rxd8 16. h3 Be6 17. Be3 Bb4 18. Bxa7 Bxc3 19. bxc3 Ra8 20. Bc5 Rxa4 21. Bd6 Nd7 22. f4 f6 23. Kf2 Kf7 24. Bf1 b5 25. h4 h5 26. Ke3 f5 27. Bg2 exf4+ 28. Bxf4 Rc4 29. Kd2 Nf6 30. exf5 gxf5 31. Be5 Bd5 32. Bxf6 Bxg2 33. Bg5 Be4 34. Ra1 b4 35. cxb4 Rxc2+ 36. Ke3 Ke6 37. Kd4 Rb2 38. Kc5 Rc2+ 39. Kd4 Rb2 40. Kc5 Rc2+ 1/2-1/2

[Event "Torino-ch"]
[Site "Torino"]
[Date "2012.11.26"]
[Round "4"]
[White "Pepino, Enrico"]
[Black "Gallucci, Alessio"]
[Result "0-1"]
[WhiteElo "2157"]
[BlackElo "2228"]
[PlyCount "50"]
[EventDate "2012.11.07"]
[EventType "swiss"]
[EventRounds "7"]
[EventCountry "ITA"]
[SourceTitle "EXT 2014"]
[Source "ChessBase"]
[SourceDate "2013.11.20"]
[SourceVersion "1"]
[SourceVersionDate "2013.11.20"]
[SourceQuality "1"]

1. d4 f5 2. c4 Nf6 3. Nf3 g6 4. g3 Bg7 5. Bg2 0-0 6. 0-0 d6 7. Nc3 Kh8 8. Rb1 c6 9. b4 Qe8 10. d5 e5 11. dxc6 Nxc6 12. Nb5 e4 13. Nfd4 Nxd4 14. Nxd4 Be6 15. Qb3 Bg8 16. Bf4 Rc8 17. Rfc1 Ng4 18. e3 Ne5 19. Bxe5 Bxe5 20. Bf1 g5 21. Qd1 f4 22. c5 Qf7 23. Bc4 d5 24. exf4 gxf4 25. Bf1 fxg3 0-1

[Event "Imperia op-A 54th"]
[Site "Imperia"]
[Date "2012.09.08"]
[Round "8"]
[White "Anuprita, Patil"]
[Black "Pepino, Enrico"]
[Result "1/2-1/2"]
[WhiteElo "2128"]
[BlackElo "2169"]
[PlyCount "45"]
[EventDate "2012.09.02"]
[EventType "swiss"]
[EventRounds "9"]
[EventCountry "ITA"]
[SourceTitle "EXT 2014"]
[Source "ChessBase"]
[SourceDate "2013.11.20"]
[SourceVersion "1"]
[SourceVersionDate "2013.11.20"]
[SourceQuality "1"]

1. d4 Nf6 2. c4 g6 3. g3 Bg7 4. Bg2 0-0 5. Nf3 d6 6. Nc3 Nbd7 7. 0-0 e5 8. e4 exd4 9. Nxd4 Re8 10. Re1 Nc5 11. h3 a5 12. b3 c6 13. Bb2 h5 14. Qd2 a4 15. Rad1 axb3 16. Nxb3 Be6 17. Qxd6 Qxd6 18. Rxd6 Na4 19. Nxa4 Rxa4 20. Nc5 Rxa2 21. Bxf6 Bxf6 22. Nxe6 Rxe6 23. Rxe6 1/2-1/2

[Event "Imperia op-A 54th"]
[Site "Imperia"]
[Date "2012.09.04"]
[Round "3"]
[White "Pepino, Enrico"]
[Black "Jirovsky, Milos"]
[Result "0-1"]
[WhiteElo "2169"]
[BlackElo "2451"]
[PlyCount "70"]
[EventDate "2012.09.02"]
[EventType "swiss"]
[EventRounds "9"]
[EventCountry "ITA"]
[SourceTitle "EXT 2014"]
[Source "ChessBase"]
[SourceDate "2013.11.20"]
[SourceVersion "1"]
[SourceVersionDate "2013.11.20"]
[SourceQuality "1"]

1. d4 d5 2. c4 e6 3. Nf3 Nf6 4. g3 dxc4 5. Qa4+ Nbd7 6. Qxc4 a6 7. Bg2 b5 8. Qc2 Bb7 9. 0-0 c5 10. a4 Rc8 11. axb5 axb5 12. Qb3 b4 13. dxc5 Bxc5 14. Bg5 Bd5 15. Qd1 h6 16. Bf4 Ra8 17. Nbd2 0-0 18. Qc2 Rxa1 19. Rxa1 Qb6 20. e4 Bxf2+ 21. Kf1 b3 22. Qd3 Bc6 23. Nc4 Bb5 24. Nxb6 Bxd3+ 25. Kxf2 Nxb6 26. Nd2 Rc8 27. Ke3 Bc2 28. Bf3 Nc4+ 29. Nxc4 Rxc4 30. e5 Nd7 31. Ra8+ Kh7 32. Ra7 Nb6 33. h4 Na4 34. Rxf7 Nxb2 35. Be2 Rb4 0-1

[Event "Imperia op-A 54th"]
[Site "Imperia"]
[Date "2012.09.02"]
[Round "1"]
[White "Pepino, Enrico"]
[Black "Gervasio, Francesco"]
[Result "1-0"]
[WhiteElo "2169"]
[BlackElo "1924"]
[PlyCount "103"]
[EventDate "2012.09.02"]
[EventType "swiss"]
[EventRounds "9"]
[EventCountry "ITA"]
[SourceTitle "EXT 2014"]
[Source "ChessBase"]
[SourceDate "2013.11.20"]
[SourceVersion "1"]
[SourceVersionDate "2013.11.20"]
[SourceQuality "1"]

1. d4 Nf6 2. Nf3 g6 3. c4 c5 4. d5 b5 5. cxb5 a6 6. b6 Qxb6 7. Nc3 Bg7 8. e4 d6 9. Be2 0-0 10. 0-0 Nbd7 11. Nd2 Qc7 12. a4 e6 13. a5 Bb7 14. Nc4 exd5 15. exd5 Rad8 16. f4 Rfe8 17. Bf3 Re7 18. Qd3 Bc8 19. Qc2 Nf8 20. Qd1 Bf5 21. g4 Be4 22. g5 Bxf3 23. Qxf3 N6d7 24. Bd2 Rde8 25. Rae1 Rxe1 26. Rxe1 Rxe1+ 27. Bxe1 Bd4+ 28. Kg2 f6 29. h4 f5 30. Qe2 Kf7 31. h5 Nb8 32. h6 Qe7 33. Kf3 Qd7 34. Bd2 Qc7 35. Qd3 Nbd7 36. Ne2 Bh8 37. Bc3 Bxc3 38. Qxc3 Ke8 39. Qg7 Qb8 40. Nc3 Qc7 41. Ke3 Qb8 42. Kd3 Qc7 43. Na4 Qb8 44. Nab6 Qc7 45. b3 Qb8 46. Kc2 Nxb6 47. axb6 Qd8 48. Qa7 Qe7 49. b7 Qe4+ 50. Kb2 Qd4+ 51. Ka2 Qf2+ 52. Ka3 1-0

[Event "Torino SST Junior-Senior (azzurro)"]
[Site "Torino"]
[Date "2012.04.19"]
[Round "7"]
[White "Miglietta, Manuel"]
[Black "Pepino, Enrico"]
[Result "0-1"]
[WhiteElo "1980"]
[BlackElo "2135"]
[PlyCount "90"]
[EventDate "2011.10.20"]
[EventType "schev"]
[EventRounds "8"]
[EventCountry "ITA"]
[SourceTitle "EXT 2018"]
[Source "ChessBase"]
[SourceDate "2017.10.13"]
[SourceVersion "1"]
[SourceVersionDate "2017.10.13"]
[SourceQuality "1"]

1. c4 c5 2. g3 Nc6 3. Bg2 g6 4. Nc3 Bg7 5. d3 e6 6. e4 Nge7 7. Nge2 b6 8. 0-0 Bb7 9. Be3 0-0 10. d4 d6 11. f4 f5 12. dxc5 dxc5 13. e5 Na5 14. b3 Bxg2 15. Kxg2 Nec6 16. Qxd8 Rfxd8 17. Rad1 Bf8 18. Nb5 Kf7 19. Bd2 a6 20. Bxa5 axb5 21. Rxd8 Rxd8 22. Bxb6 Rd2 23. Rf2 b4 24. Ng1 Rd7 25. Nf3 Rb7 26. Ng5+ Kg8 27. Nxe6 Rxb6 28. Nc7 Nd4 29. Nd5 Ra6 30. Rd2 Kf7 31. Kf2 Be7 32. Ke3 Bd8 33. Kd3 Ra7 34. Rb2 Ke6 35. Kd2 Rd7 36. Kc1 g5 37. Ne3 gxf4 38. gxf4 Rg7 39. Ng2 h5 40. Rf2 h4 41. Kb2 h3 42. Ne3 Bh4 43. Rf1 Rg8 44. a3 bxa3+ 45. Kxa3 Ra8+ 0-1

[Event "Torino SST Junior-Senior (azzurro)"]
[Site "Torino"]
[Date "2012.02.16"]
[Round "5"]
[White "Macheda, Andrea"]
[Black "Pepino, Enrico"]
[Result "0-1"]
[WhiteElo "1915"]
[BlackElo "2135"]
[PlyCount "72"]
[EventDate "2011.10.20"]
[EventType "schev"]
[EventRounds "8"]
[EventCountry "ITA"]
[SourceTitle "EXT 2018"]
[Source "ChessBase"]
[SourceDate "2017.10.13"]
[SourceVersion "1"]
[SourceVersionDate "2017.10.13"]
[SourceQuality "1"]

1. d4 Nf6 2. c4 e6 3. Nf3 d5 4. Nc3 Nbd7 5. cxd5 exd5 6. Bg5 Be7 7. Qc2 c6 8. e3 0-0 9. Bd3 Re8 10. 0-0 Nf8 11. Bxf6 Bxf6 12. b4 Bg4 13. Nd2 Rc8 14. Qa4 a6 15. Nb3 Qd6 16. Nc5 Rc7 17. Qc2 Be7 18. a4 Qh6 19. Ne2 Bd6 20. Ng3 Ne6 21. Bf5 Bxf5 22. Qxf5 a5 23. Nd3 axb4 24. Rfb1 Qg6 25. Nxb4 Bxg3 26. Qxg6 Bxf2+ 27. Kxf2 hxg6 28. Nd3 Ng5 29. Rb3 Ne4+ 30. Ke2 Rce7 31. Rab1 Nd6 32. Ne5 Kh7 33. Kf3 f6 34. Ng4 Nc4 35. Ke2 b6 36. h3 Ra8 0-1

[Event "Torino SST Junior-Senior (azzurro)"]
[Site "Torino"]
[Date "2012.01.19"]
[Round "4"]
[White "Pepino, Enrico"]
[Black "Cavaliere, Simone"]
[Result "1-0"]
[WhiteElo "2135"]
[BlackElo "1884"]
[PlyCount "69"]
[EventDate "2011.10.20"]
[EventType "schev"]
[EventRounds "8"]
[EventCountry "ITA"]
[SourceTitle "EXT 2018"]
[Source "ChessBase"]
[SourceDate "2017.10.13"]
[SourceVersion "1"]
[SourceVersionDate "2017.10.13"]
[SourceQuality "1"]

1. d4 Nf6 2. c4 g6 3. Nf3 Bg7 4. g3 d6 5. Bg2 0-0 6. 0-0 Nbd7 7. Nc3 a6 8. b3 Rb8 9. a4 e5 10. e4 exd4 11. Nxd4 Ng4 12. Bb2 Nge5 13. Qd2 Nc5 14. Rad1 Re8 15. Qc2 Nc6 16. Nd5 Bg4 17. f3 Bd7 18. b4 Nxd4 19. Bxd4 Bxa4 20. Qc3 Bxd4+ 21. Qxd4 Nd7 22. Bh3 c5 23. Qa1 Bxd1 24. Bxd7 Re6 25. Bxe6 fxe6 26. Ne3 Be2 27. Rf2 Bd3 28. Qd1 cxb4 29. Qxd3 Qc7 30. f4 Qc5 31. f5 exf5 32. exf5 Re8 33. Nd5 Re1+ 34. Kg2 gxf5 35. Qxf5 1-0